000 00441nam a22001817i 4500
001 2310
003 OSt
005 20170126082305.0
007 tu
008 161220s1987 xxu||||| |||| 00| 0 d
024 7 _a2309
_2RID
040 _cOSt
100 1 _aGrothusen, Klaus-Detlev
_eEd.
245 0 0 _aSüdosteuropa Handbuch; Band V:Ungarn
260 _aGöttingen usw. :
_bVandenhoeck & Ruprecht,
_c1987.
300 _a781 S. ;
_c21cm.
651 _aHungary
942 _cB
999 _c2289
_d2289